000 00507nam a22001457a 4500
999 _c15661
_d15661
008 201015b ||||| |||| 00| 0 eng d
082 _21985
_aDFil 796.07
_bAn2
100 _aAndin, Carmen T.
_934914
245 _aFoundations of physical education/
_cCarmen T. Andin
260 _aManila:
_b Rex Book Store,
_c©1985.
300 _avi, 77 pages:
_billustrations;
_c22 cm.
500 _aIncludes bibliographical references.
650 _aPhysical education -- Study and teaching.
_942385
942 _2ddc
_cDFIL